| 000 | 00433nam a22001457a 4500 | ||
|---|---|---|---|
| 005 | 20180725103320.0 | ||
| 020 |
_a8176484148 _c00 |
||
| 035 | _aB-91435, B-091437, B-091434 | ||
| 037 |
_aDPL _bENG |
||
| 100 | _aShrivastava, A.K. | ||
| 245 |
_aWealth from waste / _cby A.K. Shrivastava |
||
| 260 |
_aNew Delhji _bAPH Publishing Corporation _c2003 |
||
| 300 |
_axxxi, 363p. _c20 cms. |
||
| 942 |
_2ddc _cEN _h363.728 _mSHR |
||
| 999 |
_c67875 _d67875 |
||